Rangka dan pergerakan

Bibliographic Details
Main Author: Ward, Brian R
Format: Book
Published: Kuala Lumpur : Federal Publications Sdn.Bhd. , 1996
Subjects:

MARC

LEADER 00000cam a2200000 7i4500
001 0000009670
002 000010534
005 20011210.0
020 |a 9835800006 
090 0 0 |a 612   |b WAR 
100 1 |a Ward, Brian R 
245 1 0 |a Rangka dan pergerakan   |c Brian R. Ward 
260 |a Kuala Lumpur :   |b Federal Publications Sdn.Bhd. ,   |c 1996 
300 |a 48p. :   |b ill. ;   |c 26cm. 
650 0 0 |a Human body   |x Juvenile literature 
999 |a 046841   |b BUKU   |c JUNIOR BOOKS   |e PERPUSTAKAAN KOMUNITI CAW KOTA DAMANSARA